000 00598nam a2200229Ia 4500
003 OSt
005 20221007071426.0
006 a|||||r|||| 00| 0
007 ta
008 221006b |||||||| |||| 00| 0 eng d
024 _a16,427
037 _cTextual
040 _aFLL
_cFLL
_beng
041 _2eng
_aeng
082 _aX9:Z3y7, K9
100 _aSim R.S. Au.
_9688745
245 0 _aCasebook on industrial law
260 _aLondon
_bButterworths London
_c1969
300 _axxv,387p
_ccm.
942 _hX9:Z3y7, K9
_cTEXL
_2CC
999 _c1143311
_d1143311